|
|
|
|
| LEADER |
00000cam a2200000 a 4500 |
| 001 |
80213 |
| 005 |
20230308173435.0 |
| 008 |
000000|1972 ||||||||r|||||||||||spa|| |
| 040 |
|
|
|b spa
|
| 041 |
1 |
|
|a spa
|
| 082 |
0 |
|
|a 193
|
| 100 |
1 |
|
|a Korsch, Karl.
|d 1886-1961
|9 7756
|
| 245 |
0 |
0 |
|a Marxismo y filosofía
|c Karl Korsch, introd. de G. Rusconi
|h imp
|
| 264 |
|
|
|a Medellín
|b Ediciones Tiempo Crítico
|c 1972
|
| 300 |
|
|
|a 150 páginas:
|c 16.5 cm
|
| 650 |
1 |
|
|a Filosofia marxista
|9 7724
|
| 650 |
1 |
|
|a Karl korsch
|9 7757
|
| 650 |
1 |
0 |
|a Marxismo
|9 7394
|
| 650 |
1 |
|
|a Dialectica materialista
|9 7323
|
| 650 |
1 |
|
|a Lenin
|9 7758
|
| 650 |
1 |
|
|a Ideologia marxista
|9 7759
|
| 852 |
|
|
|a UC-CDJBV
|c ESTANTERIA CERRADA
|f Compra
|k mariana.feican
|l 1
|m General
|p 00000000
|r 2
|t 80213
|b 0
|d CDRC
|e CDRC
|g 193 ESTANTERIA CERRADA
|z 0000-00-00
|
| 942 |
|
|
|c BK
|
| 999 |
|
|
|c 43333
|d 43333
|